Statistics for Every EFL Championship Player 2022/23

Click here to take the quiz!

General Stats

  • This quiz has been taken 10 times
  • The average score is 342 of 750

Answer Stats

% Correct
SunderlandCMFranceAbdoullah Ba271
100%
Bristol CityCMEnglandAlex Scott421
100%
BurnleyGKKosovoArijanet Muric41
100%
Birmingham CityCBUnited StatesAuston Trusty444
100%
Preston North EndGKEnglandFreddie Woodman46
100%
Birmingham CityAMTunisiaHannibal Mejbri381
100%
Hull CityCMEnglandHarry Wood1
100%
Sheffield UnitedSTSenegalIliman Ndiaye4614
100%
Sheffield UnitedCMEnglandJames McAtee379
100%
Birmingham CityCMCuracaoJuninho Bacuna432
100%
Queens Park RangersLBSurinameKenneth Paal401
100%
WatfordCMCuracaoLeandro Bacuna14
100%
Bristol CitySTBermudaNahki Wells4511
100%
Swansea CityCBEnglandNathan Wood40
100%
Sheffield UnitedCMNorthern IrelandOliver Norwood462
100%
Rotherham UnitedCBEnglandRichard Wood284
100%
Queens Park RangersGKSenegalSeny Dieng461
100%
Rotherham UnitedGKSwedenViktor Johansson43
100%
SunderlandAMEnglandAlex Pritchard404
83%
Hull CityCBEnglandAlfie Jones40
83%
Luton TownCMScotlandAllan Campbell423
83%
SunderlandRWIvory CoastAmad Diallo3713
83%
Luton TownLBJamaicaAmari'i Bell441
83%
BurnleyLWMoroccoAnass Zaroury346
83%
Bristol CityAMAustriaAndreas Weimann436
83%
Hull CityCMEnglandAndy Cannon5
83%
BurnleySTEnglandAshley Barnes397
83%
Blackburn RoversLWChileBen Brereton Diaz4314
83%
WatfordGKEnglandBen Hamer1
83%
Preston North EndRMEnglandBrad Potts394
83%
Queens Park RangersSTScotlandChris Martin164
83%
Bristol CitySTScotlandChris Martin171
83%
MiddlesbroughSTEnglandChuba Akpom3828
83%
ReadingGKJamaicaConiah Boyce-Clarke1
83%
WatfordGKAustriaDaniel Bachmann45
83%
Preston North EndSTDenmarkEmil Riis245
83%
Luton TownGKUnited StatesEthan Horvath44
83%
Norwich CityCMBrazilGabriel Sara407
83%
Norwich CityCBScotlandGrant Hanley391
83%
Coventry CityDMNetherlandsGustavo Hamer419
83%
Bristol CityDMFranceHan-Noah Massengo10
83%
Stoke CityRBEnglandHarry Clarke182
83%
Blackburn RoversLBEnglandHarry Pickering401
83%
BurnleyLBNetherlandsIan Maatsen394
83%
Queens Park RangersAMMoroccoIlias Chair405
83%
MiddlesbroughRWEnglandIsaiah Jones343
83%
WatfordRWSenegalIsmaila Sarr3910
83%
SunderlandLWEnglandJack Clarke459
83%
Huddersfield TownCMEnglandJack Rudoni462
83%
Stoke CitySTScotlandJacob Brown387
83%
Queens Park RangersRWJamaicaJamal Lowe203
83%
BurnleySTEnglandJay Rodriguez2810
83%
West Bromwich AlbionRWEnglandJed Wallace466
83%
WatfordSTBrazilJoao Pedro3511
83%
Bristol CityCBWalesJoe Low1
83%
West Bromwich AlbionCMEnglandJohn Swift456
83%
Luton TownCMEnglandJordan Clark382
83%
Birmingham CityCMWalesJordan James33
83%
BurnleyCMEnglandJosh Brownhill417
83%
Norwich CitySTUnited StatesJosh Sargent4013
83%
Birmingham CityRBEnglandJosh Williams7
83%
Norwich CityCMScotlandKenny McLean351
83%
Stoke CityCMEnglandLewis Baker447
83%
Preston North EndSTEnglandLiam Delap151
83%
Stoke CitySTEnglandLiam Delap223
83%
Queens Park RangersSTScotlandLyndon Dykes398
83%
Sheffield UnitedLBEnglandMax Lowe261
83%
MillwallLBScotlandMurray Wallace37
83%
ReadingCBSenegalNaby Sarr241
83%
Stoke CitySTEnglandNathan Lowe1
83%
Birmingham CityGKPhilippinesNeil Etheridge4
83%
Sheffield UnitedSTScotlandOliver McBurnie3813
83%
Preston North EndLMIrelandRobbie Brady34
83%
Cardiff CityAMSt. Kitts & NevisRomaine Sawyers373
83%
MiddlesbroughLBEnglandRyan Giles45
83%
Bristol CityLWEnglandSam Bell243
83%
Sheffield UnitedDMNorwaySander Berge376
83%
Birmingham CitySTIrelandScott Hogan3710
83%
BlackpoolSTNorthern IrelandShayne Lavery272
83%
Queens Park RangersSTIrelandSinclair Armstrong22
83%
Blackburn RoversRWWalesSorba Thomas17
83%
Huddersfield TownRWWalesSorba Thomas23
83%
Birmingham CityRWNetherlandsTahith Chong384
83%
Birmingham CityDMEnglandTate Campbell1
83%
Norwich CitySTFinlandTeemu Pukki4110
83%
Preston North EndSTIrelandTom Cannon208
83%
Luton TownCBWalesTom Lockyer393
83%
Bristol CitySTScotlandTommy Conway349
83%
SunderlandRBNorthern IrelandTrai Hume281
83%
Stoke CitySTEnglandTyrese Campbell419
83%
Coventry CitySTSwedenViktor Gyokeres4621
83%
Cardiff CityRBEnglandVontae Delay-Campbell1
83%
Wigan AthleticSTIrelandWill Keane4312
83%
Hull CitySTIrelandAaron Connolly52
67%
Huddersfield TownRBEnglandAaron Rowe1
67%
Norwich CitySTEnglandAbu Kamara3
67%
Sheffield UnitedGKWalesAdam Davies7
67%
Queens Park RangersRWGhanaAlbert Adomah382
67%
West Bromwich AlbionGKEnglandAlex Palmer23
67%
Preston North EndCMNorthern IrelandAli McCann31
67%
ReadingSTEnglandAndy Carroll309
67%
ReadingRBGhanaAndy Yiadom41
67%
Bristol CityAMAlbaniaAnis Mehmeti151
67%
SunderlandGKEnglandAnthony Patterson46
67%
Bristol CitySTGhanaAntoine Semenyo236
67%
Blackburn RoversGKEnglandAynsley Pears18
67%
Swansea CityCBWalesBen Cabango432
67%
BlackpoolSTEnglandBrad Holmes3
67%
Hull CityLBEnglandBrandon Fleming4
67%
BlackpoolDMEnglandCallum Connolly411
67%
Coventry CityCBEnglandCallum Doyle41
67%
Hull CityCMWalesCallum Jones1
67%
MiddlesbroughSTEnglandCameron Archer2011
67%
Rotherham UnitedCBEnglandCameron Humphreys38
67%
Bristol CityLBEnglandCameron Pring321
67%
Luton TownSTEnglandCarlton Morris4420
67%
Cardiff CityCBIvory CoastCedric Kipre423
67%
Preston North EndSTWalesChed Evans269
67%
Rotherham UnitedRWIrelandChiedozie Ogbene398
67%
Sheffield UnitedCBEnglandChris Basham29
67%
Sheffield UnitedCBIrelandCiaran Clark102
67%
BlackpoolLWIrelandCJ Hamilton391
67%
BurnleyRBWalesConnor Roberts434
67%
West Bromwich AlbionLBEnglandConor Townsend463
67%
SunderlandCMNorthern IrelandCorry Evans24
67%
MiddlesbroughCBEnglandDael Fry30
67%
Norwich CityRWLuxembourgDanel Sinani161
67%
Wigan AthleticRWLuxembourgDanel Sinani10
67%
Bristol CityGKEnglandDaniel Bentley13
67%
Preston North EndAMJamaicaDaniel Johnson341
67%
Luton TownLBEnglandDan Potts251
67%
West Bromwich AlbionRBEnglandDarnell Furlong402
67%
West Bromwich AlbionSTUnited StatesDaryl Dike237
67%
Huddersfield TownAMUnited StatesDuane Holmes272
67%
Luton TownSTEnglandElijah Adebayo427
67%
Sheffield UnitedLBIrelandEnda Stevens12
67%
Coventry CityRBEnglandFankaty Dabo27
67%
Birmingham CityCMEnglandGary Gardner8
67%
MillwallGKEnglandGeorge Long36
67%
Queens Park RangersAMWalesGeorge Thomas3
67%
West Bromwich AlbionRWEnglandGrady Diangana314
67%
Birmingham CityCBEnglandHarlee Dean161
67%
WatfordLBIvory CoastHassane Kamara32
67%
Cardiff CitySSWalesIsaak Davies101
67%
Wigan AthleticCBEnglandJack Whatmough371
67%
Hull CityCBEnglandJacob Greaves444
67%
Preston North EndLBEnglandJacob Slater1
67%
MillwallCBEnglandJake Cooper463
67%
WatfordLBEnglandJames Morris12
67%
Coventry CityCMEnglandJamie Allen376
67%
Wigan AthleticGKEnglandJamie Jones17
67%
Hull CityCMIvory CoastJean Michael Seri371
67%
BlackpoolSTEnglandJerry Yates4114
67%
SunderlandLWCosta RicaJewison Bennette151
67%
Queens Park RangersCBIrelandJimmy Dunne402
67%
Swansea CityCMWalesJoe Allen251
67%
Wigan AthleticLBEnglandJoe Bennett15
67%
Swansea CitySTNetherlandsJoel Piroe4319
67%
ReadingGKEnglandJoe Lumley41
67%
Cardiff CityCMEnglandJoe Ralls411
67%
Blackburn RoversRBEnglandJoe Rankin-Costello242
67%
Bristol CityCMEnglandJoe Williams332
67%
ReadingLBIrelandJohn Clarke3
67%
Sheffield UnitedCBIrelandJohn Egan452
67%
Birmingham CityGKEnglandJohn Ruddy43
67%
Norwich CityAMEnglandJonathan Rowe3
67%
BurnleyCBGermanyJordan Beyer301
67%
Huddersfield TownSTScotlandJordan Rhodes345
67%
BurnleyCMIrelandJosh Cullen431
67%
Coventry CityAMJamaicaKasey Palmer293
67%
WatfordSTEnglandKeinan Davis347
67%
Birmingham CityCBIrelandKevin Long171
67%
Birmingham CityDMPolandKrystian Bielik351
67%
West Bromwich AlbionCBEnglandKyle Bartley132
67%
Swansea CitySTWalesLiam Cullen298
67%
MiddlesbroughGKEnglandLiam Roberts4
67%
Birmingham CitySTEnglandLukas Jutkiewicz435
67%
SunderlandDMEnglandLuke O'Nien412
67%
SunderlandRWUnited StatesLynden Gooch301
67%
BurnleyRWBelgiumManuel Benson3312
67%
Birmingham CityCBEnglandMarc Roberts25
67%
MiddlesbroughSTFinlandMarcus Forss3810
67%
Bristol CityRMIrelandMark Sykes365
67%
MillwallLWEnglandMason Bennett21
67%
MiddlesbroughCBEnglandMatt Clarke6
67%
Coventry CitySTEnglandMatt Godden308
67%
Swansea CityCMEnglandMatt Grimes441
67%
Bristol CityCMEnglandMatty James34
67%
Norwich CityRBEnglandMax Aarons451
67%
Birmingham CityRBFranceMaxime Colin442
67%
Bristol CityGKIrelandMax O'Leary33
67%
Wigan AthleticCMEnglandMax Power451
67%
Huddersfield TownCBPolandMichal Helik362
67%
BlackpoolLWEnglandMorgan Rogers201
67%
Wigan AthleticSTWalesNathan Broadhead225
67%
BurnleyRWEnglandNathan Tella3917
67%
Swansea CityAMWalesOliver Cooper415
67%
Swansea CityCMCameroonOlivier Ntcham418
67%
Bristol CityDMWalesOmar Taylor-Clarke6
67%
Norwich CityLWCubaOnel Hernandez392
67%
Hull CitySTColombiaOscar Estupinan3513
67%
Queens Park RangersRBSierra LeoneOsman Kakay21
67%
Hull CityCMTurkeyOzan Tufan428
67%
MiddlesbroughCBNorthern IrelandPaddy McNair301
67%
Huddersfield TownSTWalesPatrick Jones61
67%
SunderlandRWEnglandPatrick Roberts425
67%
Luton TownDMDR CongoPelly-Ruddock Mpanzu303
67%
Cardiff CityRBEnglandPerry Ng432
67%
Birmingham CityLWPolandPrzemyslaw Placheta51
67%
Hull CityRWEnglandRandell Williams7
67%
Birmingham CityAMGermanyReda Khadra143
67%
Sheffield UnitedAMGermanyReda Khadra151
67%
Hull CityDMEnglandRegan Slater445
67%
Sheffield UnitedLBWalesRhys Norrington-Davies15
67%
BlackpoolCBEnglandRhys Williams17
67%
SunderlandSTScotlandRoss Stewart1310
67%
Birmingham CityDMEnglandRyan Woods2
67%
Hull CityDMEnglandRyan Woods26
67%
Queens Park RangersDMEnglandSam Field462
67%
Blackburn RoversSTEnglandSam Gallagher347
67%
BurnleyCMDR CongoSamuel Bastien181
67%
Wigan AthleticCMWalesScott Smith2
67%
ReadingSTIrelandShane Long301
67%
Cardiff CitySTGuineaSory Kaba178
67%
Queens Park RangersCMNorwayStefan Johansen292
67%
Blackburn RoversGKBelgiumThomas Kaminski28
67%
Queens Park RangersCMEnglandTim Iroegbunam322
67%
Norwich CityGKNetherlandsTim Krul16
67%
Bristol CityCBSwitzerlandTimm Klose10
67%
Bristol CityCBCzech RepublicTomas Kalas8
67%
MillwallSTWalesTom Bradshaw4116
67%
ReadingCBEnglandTom Holmes40
67%
ReadingRWEnglandTom Ince389
67%
Sheffield UnitedCMEnglandTommy Doyle333
67%
MiddlesbroughRBEnglandTommy Smith36
67%
Birmingham CitySTEnglandTroy Deeney337
67%
Queens Park RangersSTWalesTyler Roberts183
67%
Hull CitySTEnglandTyler Smith143
67%
Stoke CityCMIrelandWill Smallbone433
67%
ReadingLWIvory CoastYakou Meite274
67%
WatfordAMColombiaYaser Asprilla371
67%
MiddlesbroughGKUnited StatesZack Steffen42
67%
Bristol CityCBEnglandZak Vyner451
67%
MillwallAMNetherlandsZian Flemming4315
67%
Norwich CityAMEnglandAaron Ramsey183
50%
MiddlesbroughAMEnglandAaron Ramsey115
50%
Norwich CitySTIrelandAdam Idah252
50%
Blackburn RoversCMEnglandAdam Wharton182
50%
Birmingham CityDMEnglandAlfie Chang13
50%
Preston North EndLBSpainAlvaro Fernandez39
50%
MillwallSTGermanyAndreas Voglsammer413
50%
Norwich CityCBIrelandAndrew Omobamidele341
50%
Swansea CityGKEnglandAndy Fisher26
50%
Bristol CityCMWalesAndy King26
50%
Sheffield UnitedCBBosniaAnel Ahmedhodzic346
50%
Norwich CityGKScotlandAngus Gunn30
50%
Huddersfield TownRWFranceAnthony Knockaert5
50%
Wigan AthleticSTEnglandAshley Fletcher262
50%
Blackburn RoversCBEnglandAshley Phillips8
50%
BurnleyGKNorthern IrelandBailey Peacock-Farrell8
50%
SunderlandCBAustraliaBailey Wright14
50%
Rotherham UnitedCBAustraliaBailey Wright7
50%
MillwallGKPolandBartosz Bialkowski10
50%
Wigan AthleticGKEnglandBen Amos29
50%
Norwich CityCBEnglandBen Gibson23
50%
Sheffield UnitedLMEnglandBen Osborn201
50%
Stoke CityCMEnglandBen Pearson14
50%
Coventry CityDMEnglandBen Sheaf352
50%
Rotherham UnitedCMEnglandBen Wiles272
50%
Coventry CityGKEnglandBen Wilson431
50%
Stoke CityAMKosovoBersant Celina6
50%
Sheffield UnitedSTEnglandBilly Sharp382
50%
Blackburn RoversAMEnglandBradley Dack274
50%
Huddersfield TownCMMaliBrahima Diarra20
50%
West Bromwich AlbionSTEnglandBrandon Thomas-Asante337
50%
Cardiff CityLMIrelandCallum O'Dowda393
50%
Coventry CityAMEnglandCallum O'Hare11
50%
Cardiff CitySTIrelandCallum Robinson225
50%
West Bromwich AlbionSTIrelandCallum Robinson4
50%
MillwallCMHungaryCallum Styles221
50%
MillwallCBEnglandCharlie Cresswell285
50%
BlackpoolCMEnglandCharlie Patino342
50%
BurnleyLBEnglandCharlie Taylor33
50%
BlackpoolGKWalesChris Maxwell28
50%
WatfordCBBelgiumChristian Kabasele251
50%
Norwich CityLWGreeceChristos Tzolis131
50%
Queens Park RangersLWEnglandChris Willock286
50%
Rotherham UnitedSTNorthern IrelandConor Washington355
50%
WatfordCBNorthern IrelandCraig Cathcart28
50%
Wigan AthleticCBJamaicaCurtis Tilt261
50%
Hull CityRBIrelandCyrus Christie283
50%
MiddlesbroughCMEnglandDan Barlaser11
50%
Rotherham UnitedCMEnglandDan Barlaser282
50%
Blackburn RoversCBSpainDaniel Ayala251
50%
SunderlandCBNorthern IrelandDaniel Ballard19
50%
Sheffield UnitedSTEnglandDaniel Jebbison161
50%
SunderlandCMEnglandDan Neil452
50%
Huddersfield TownSTEnglandDanny Ward365
50%
West Bromwich AlbionCBIrelandDara O'Shea372
50%
BurnleyLWNorth MacedoniaDarko Churlinov7
50%
MiddlesbroughRBEnglandDarnell Fisher1
50%
MiddlesbroughCBIrelandDarragh Lenihan41
50%
West Bromwich AlbionGKEnglandDavid Button13
50%
SunderlandLBEnglandDennis Cirkin285
50%
Stoke CityRWEnglandD'Margio Wright-Phillips71
50%
Coventry CityCBScotlandDominic Hyam2
50%
Blackburn RoversCBScotlandDominic Hyam371
50%
BlackpoolLBEnglandDominic Thompson28
50%
Stoke CityRBEnglandDujon Sterling26
50%
MiddlesbroughRWEnglandDuncan Watmore215
50%
MillwallRWEnglandDuncan Watmore163
50%
Stoke CitySTEnglandDwight Gayle353
50%
Cardiff CityDMWalesEli King1
50%
Birmingham CityLBEnglandEmmanuel Longelo231
50%
West Bromwich AlbionCBNetherlandsErik Pieters36
50%
Queens Park RangersRBEnglandEthan Laird321
50%
Huddersfield TownDMFranceEtienne Camara20
50%
Swansea CityRBWalesFin Stevens5
50%
Huddersfield TownSTAlbaniaFlorian Kamberi1
50%
Luton TownCBEnglandGabriel Osho272
50%
BlackpoolSTEnglandGary Madine274
50%
Stoke CityCMIrelandGavin Kilkenny3
50%
Sheffield UnitedRMGreeceGeorge Baldock361
50%
MillwallDMEnglandGeorge Evans11
50%
Birmingham CityLBEnglandGeorge Friend6
50%
Birmingham CityCMEnglandGeorge Hall302
50%
MillwallCMNorthern IrelandGeorge Saville422
50%
Bristol CityRBEnglandGeorge Tanner26
50%
Rotherham UnitedSTIrelandGeorgie Kelly294
50%
Rotherham UnitedCBEnglandGrant Hall20
50%
BurnleySTTurkeyHalil Dervisoglu81
50%
WatfordDMEnglandHamza Choudhury36
50%
Bristol CitySTEnglandHarry Cornick171
50%
Luton TownSTEnglandHarry Cornick191
50%
MiddlesbroughCMScotlandHayden Hackney343
50%
Norwich CityDMEnglandIsaac Hayden14
50%
Stoke CityGKIrelandJack Bonham23
50%
BurnleyDMEnglandJack Cork39
50%
Sheffield UnitedLBEnglandJack Robinson273
50%
Wigan AthleticLMIrelandJames McClean463
50%
Luton TownGKEnglandJames Shea1
50%
Rotherham UnitedCMScotlandJamie Lindsay362
50%
Swansea CitySSEnglandJamie Paterson23
50%
Bristol CityLBEnglandJay Dasilva34
50%
Sheffield UnitedRBEnglandJayden Bogle202
50%
Swansea CityCMScotlandJay Fulton383
50%
West Bromwich AlbionCMIrelandJayson Molumby434
50%
ReadingCMIrelandJeff Hendrick454
50%
Birmingham CityAMEnglandJobe Bellingham22
50%
Luton TownLBEnglandJoe Johnson2
50%
Luton TownSTWalesJoe Taylor5
50%
BurnleyRWIcelandJohan Berg Gudmundsson374
50%
Huddersfield TownCMEnglandJonathan Hogg30
50%
MiddlesbroughCMEnglandJonny Howson44
50%
Huddersfield TownCMJamaicaJon Russell7
50%
Norwich CitySTEnglandJordan Hugill7
50%
Rotherham UnitedSTEnglandJordan Hugill185
50%
Preston North EndCBEnglandJordan Storey442
50%
Stoke CityCMNorthern IrelandJordan Thompson34
50%
WatfordRWEnglandJoseph Hungbo7
50%
Huddersfield TownRWEnglandJoseph Hungbo143
50%
Huddersfield TownSTEnglandJosh Koroma194
50%
Huddersfield TownLBEnglandJosh Ruffels333
50%
ReadingLWCanadaJunior Hoilett341
50%
Huddersfield TownRBEnglandKaine Kesler-Hayden141
50%
Bristol CityCBScotlandKal Naismith25
50%
West Bromwich AlbionSTEnglandKarlan Grant313
50%
BlackpoolDMAustraliaKenny Dougall363
50%
WatfordLMSwedenKen Sema405
50%
Norwich CityAMEnglandKieran Dowell235
50%
Coventry CityCBEnglandKyle McFadzean352
50%
Swansea CityRBEnglandKyle Naughton25
50%
Huddersfield TownGKEnglandLee Nicholls28
50%
Queens Park RangersCBNigeriaLeon Balogun161
50%
SunderlandSSGermanyLeon Dajaku10
50%
Blackburn RoversDMEnglandLewis Travis422
50%
Norwich CityCMEnglandLiam Gibbs341
50%
Coventry CityCMScotlandLiam Kelly10
50%
Preston North EndCBScotlandLiam Lindsay37
50%
ReadingSTAngolaLucas Joao347
50%
Queens Park RangersDMEnglandLuke Amos21
50%
BurnleyCBIrelandLuke McNally2
50%
Coventry CityCBIrelandLuke McNally19
50%
BurnleySTSouth AfricaLyle Foster111
50%
Queens Park RangersSTZimbabweMacauley Bonne8
50%
Cardiff CityRBAntigua & BarbudaMahlon Romeo33
50%
ReadingAMGuinea-BissauMamadi Camara5
50%
ReadingDMSenegalMamadou Loum291
50%
WatfordRBSpainMario Gaspar31
50%
Cardiff CitySTWalesMark Harris353
50%
Cardiff CityCBIrelandMark McGuinness19
50%
Wigan AthleticRBEnglandMartin Kelly1
50%
West Bromwich AlbionRBEnglandMartin Kelly5
50%
Luton TownDMZimbabweMarvelous Nakamba17
50%
BlackpoolCBEnglandMarvin Ekpiteta251
50%
MiddlesbroughAMEnglandMatt Crooks377
50%
West Bromwich AlbionRWScotlandMatt Phillips252
50%
Huddersfield TownCBEnglandMatty Pearson185
50%
BurnleySTIrelandMichael Obafemi122
50%
Swansea CitySTIrelandMichael Obafemi193
50%
Stoke CityLBWalesMorgan Fox40
50%
West Bromwich AlbionDMEnglandNathaniel Chalobah13
50%
ReadingLBEnglandNesta Guiness-Walker28
50%
West Bromwich AlbionDMTurkeyOkay Yokuslu384
50%
MillwallSTScotlandOliver Burke172
50%
Rotherham UnitedCMEnglandOliver Rathbone384
50%
SunderlandDMFrancePierre Ekwah14
50%
Luton TownCBEnglandReece Burke202
50%
Sheffield UnitedSTEnglandRhian Brewster161
50%
West Bromwich AlbionAMEnglandRico Richards1
50%
MiddlesbroughLMAustraliaRiley McGree436
50%
Queens Park RangersCBEnglandRob Dickie38
50%
Blackburn RoversRWWalesRyan Hedges434
50%
Swansea CityLBIrelandRyan Manning435
50%
Wigan AthleticRBNamibiaRyan Nyambe31
50%
WatfordCBScotlandRyan Porteous172
50%
Norwich CityRBEnglandSam Byram151
50%
BurnleyAMEnglandScott Twine143
50%
Blackburn RoversCBEnglandScott Wharton221
50%
West Bromwich AlbionCBNigeriaSemi Ajayi222
50%
Rotherham UnitedLMNorthern IrelandShane Ferguson313
50%
Coventry CityGKEnglandSimon Moore3
50%
Luton TownCBEnglandSonny Bradley19
50%
Swansea CityGKGermanySteven Benda21
50%
Stoke CityLWGhanaTariqe Fosu20
50%
Rotherham UnitedLWGhanaTariqe Fosu191
50%
West Bromwich AlbionRBEnglandTaylor Gardner-Hickman312
50%
BurnleyCBEnglandTaylor Harwood-Bellis321
50%
Wigan AthleticRBZimbabweTendayi Darikwa37
50%
Wigan AthleticAMNorwayThelo Aasgaard413
50%
Blackburn RoversRWEnglandThrhys Dolan404
50%
Norwich CityLMEnglandTodd Cantwell18
50%
Huddersfield TownGKCzech RepublicTomas Vaclik13
50%
WatfordCMEnglandTom Cleverley41
50%
Huddersfield TownCBEnglandTom Lees422
50%
ReadingCBScotlandTom McIntyre382
50%
West Bromwich AlbionAMAustraliaTom Rogic201
50%
BurnleyRBBrazilVitinho353
50%
Sheffield UnitedGKEnglandWes Foderingham40
50%
Rotherham UnitedRBJamaicaWes Harding431
50%
Sheffield UnitedSTDenmarkWilliam Osula2
50%
WatfordCBNigeriaWilliam Troost-Ekong151
50%
Huddersfield TownCBJapanYuta Nakayama142
50%
ReadingLBGhanaAbdul Baba Rahman18
33%
West Bromwich AlbionLMEnglandAdam Reach18
33%
Luton TownSTZimbabweAdmiral Muskwe2
33%
WatfordLWEnglandAdrian Blake1
33%
Preston North EndCMIrelandAlan Browne361
33%
West Bromwich AlbionCMEnglandAlex Mowatt1
33%
MiddlesbroughCMEnglandAlex Mowatt28
33%
Luton TownLMEnglandAlfie Doughty282
33%
BurnleyCBBelgiumAmeen Al-Dakhil8
33%
Preston North EndLBWalesAndrew Hughes302
33%
BlackpoolRBIrelandAndy Lyons174
33%
Cardiff CityCMEnglandAndy Rinomhota39
33%
MiddlesbroughRBSurinameAnfernee Dijksteel20
33%
Stoke CityCBEnglandAxel Tuanzebe4
33%
Preston North EndCBSpainBambo Diaby17
33%
MillwallSTDR CongoBenik Afobe192
33%
Huddersfield TownLBEnglandBen Jackson191
33%
Hull CitySTGhanaBenjamin Tetteh151
33%
Preston North EndCMEnglandBen Whiteman363
33%
Stoke CityCBEnglandBen Wilmot393
33%
MillwallDMEnglandBilly Mitchell36
33%
Huddersfield TownRBNorthern IrelandBrodie Spencer4
33%
Blackburn RoversRBEnglandCallum Brittain27
33%
Hull CityLBAustraliaCallum Elder29
33%
BlackpoolCMEnglandCallum Wright10
33%
MiddlesbroughCMNorthern IrelandCaolan Boyd-Munce1
33%
BurnleyCBEnglandCJ Egan-Riley3
33%
Stoke CityCBEnglandConnor Taylor14
33%
Queens Park RangersCBIrelandConor Masterson1
33%
BlackpoolCBEnglandCurtis Nelson181
33%
Cardiff CityCBEnglandCurtis Nelson9
33%
WatfordCMEnglandDan Gosling17
33%
BlackpoolGKEnglandDaniel Grimshaw18
33%
SunderlandCBEnglandDanny Batth40
33%
MillwallRBIrelandDanny McNamara42
33%
BurnleyLWIrelandDara Costelloe4
33%
Huddersfield TownCMEnglandDavid Kasumu33
33%
Norwich CityLBGreeceDimitrios Giannoulis26
33%
Birmingham CityCBEnglandDion Sanderson312
33%
Rotherham UnitedCMPortugalDomingos Quina8
33%
WatfordDMDR CongoEdo Kayembe21
33%
SunderlandSTEnglandEllis Simms177
33%
Coventry CitySTPortugalFabio Tavares9
33%
Luton TownAMNigeriaFred Onyedinma17
33%
Cardiff CityRWNorthern IrelandGavin Whyte141
33%
MillwallAMEnglandGeorge Honeyman381
33%
BlackpoolRMEnglandGrant Ward2
33%
Preston North EndLBIrelandGreg Cunningham222
33%
Rotherham UnitedDMEnglandHakeem Odoffin234
33%
Swansea CityCBEnglandHarry Darling314
33%
Blackburn RoversSTEnglandHarry Leonard4
33%
Stoke CityCBAustraliaHarry Souttar7
33%
BurnleyCBSwedenHjalmar Ekdal91
33%
WatfordCMMoroccoImran Louza215
33%
WatfordCMCanadaIsmael Kone16
33%
Norwich CityDMDenmarkJacob Sorensen191
33%
Cardiff CityLWEnglandJaden Philogene374
33%
Cardiff CityGKEnglandJak Alnwick4
33%
Queens Park RangersCBEnglandJake Clarke-Salter16
33%
West Bromwich AlbionDMEnglandJake Livermore171
33%
BlackpoolLBEnglandJames Husband29
33%
MillwallCMEnglandJamie Shackleton36
33%
Cardiff CityLBNigeriaJamilu Collins4
33%
WatfordRBEnglandJeremy Ngakia14
33%
Cardiff CityLBIrelandJoel Bagan1
33%
Swansea CityCBJamaicaJoel Latibeaudiere342
33%
Blackburn RoversCMEnglandJohn Buckley21
33%
Sheffield UnitedCMScotlandJohn Fleck261
33%
Norwich CityCBUnited StatesJonathan Tomkinson1
33%
Birmingham CityRWEnglandJordan Graham25
33%
Stoke CityGKEnglandJosef Bursik16
33%
Coventry CityCMEnglandJosh Eccles341
33%
West Bromwich AlbionGKEnglandJosh Griffiths10
33%
Stoke CityCMEnglandJosh Laurent324
33%
Wigan AthleticSTNorthern IrelandJosh Magennis361
33%
Stoke CityLMEnglandJosh Tymon281
33%
Bristol CityRBEnglandKane Wilson5
33%
Huddersfield TownSTEnglandKian Harratt41
33%
Stoke CityRBNetherlandsKi-Jana Hoever154
33%
WatfordCBEnglandKortney Hause3
33%
Sheffield UnitedCBEnglandKyron Gordon1
33%
ReadingCBJamaicaLiam Moore3
33%
Luton TownCMEnglandLuke Berry213
33%
Swansea CityCMEnglandLuke Cundle323
33%
BlackpoolLBEnglandLuke Garbutt8
33%
Norwich CityCMChileMarcelino Nunez373
33%
WatfordLWBrazilMatheus Martins6
33%
Stoke CityGKMontenegroMatija Sarkic8
33%
MiddlesbroughSTUnited StatesMatthew Hoppe6
33%
Preston North EndSTEnglandMikey O'Neill3
33%
Norwich CityRWKosovoMilot Rashica4
33%
West Bromwich AlbionSTGambiaModou Faal1
33%
Swansea CityRWEnglandMorgan Whittaker151
33%
Hull CityGKEnglandNathan Baxter12
33%
Stoke CityAMEnglandNick Powell254
33%
Queens Park RangersLBFinlandNiko Hamalainen2
33%
Queens Park RangersLWIrelandOlamide Shodipo11
33%
Huddersfield TownRBEnglandOllie Turton18
33%
Wigan AthleticCBTunisiaOmar Rekik11
33%
Preston North EndCBGermanyPatrick Bauer6
33%
Stoke CityCBEnglandPhil Jagielka272
33%
WatfordSTAlbaniaRey Manaj6
33%
Bristol CityCBEnglandRob Atkinson264
33%
MiddlesbroughSTBrazilRodrigo Muniz172
33%
Cardiff CityAMWalesRubin Colwill20
33%
Cardiff CityGKEnglandRyan Allsop43
33%
WatfordRBEnglandRyan Andrews6
33%
Preston North EndCMEnglandRyan Ledson401
33%
MillwallCMEnglandRyan Leonard17
33%
Hull CityLWEnglandRyan Longman372
33%
Cardiff CityDMEnglandRyan Wintle452
33%
Stoke CityCMEnglandSam Clucas12
33%
Birmingham CitySTEnglandSam Cosgrove2
33%
Norwich CityLBEnglandSam McCallum23
33%
Blackburn RoversAMIrelandSammie Szmodics345
33%
WatfordRWNigeriaSamuel Kalu9
33%
ReadingCBEnglandScott Dann13
33%
Huddersfield TownCMScotlandScott High9
33%
Rotherham UnitedCMScotlandScott High13
33%
MillwallLBEnglandScott Malone33
33%
Hull CityCBIrelandSean McLoughlin27
33%
Cardiff CityRWEnglandSheyi Ojo361
33%
BlackpoolCMEnglandSonny Carey373
33%
Wigan AthleticCBSierra LeoneSteven Caulker9
33%
Queens Park RangersCMEnglandTaylor Richards15
33%
BlackpoolRWCanadaTheo Corbeanu173
33%
Huddersfield TownAMEnglandTino Anjorin82
33%
WatfordCMNigeriaTom Dele-Bashiru6
33%
BlackpoolDMGermanyTom Trybull3
33%
Preston North EndSTIrelandTroy Parrott323
33%
Blackburn RoversCMEnglandTyler Morton40
33%
WatfordSTIvory CoastVakoun Bayo244
33%
WatfordCBNetherlandsWesley Hoedt151
33%
Huddersfield TownCBEnglandWill Boyle16
33%
Queens Park RangersCBEnglandAaron Drewe7
17%
Hull CityAMMaliAdama Traore121
17%
Stoke CityCBEnglandAden Flint9
17%
Hull CityLWIranAllahyar Sayyadmanesh192
17%
ReadingCBSenegalAmadou Mbengue261
17%
Sheffield UnitedLMEnglandAndre Brooks1
17%
Queens Park RangersCMEnglandAndre Dozzell36
17%
Swansea CityLWIrelandArmstrong Oko-Flex13
17%
Preston North EndAMWalesBen Woodburn381
17%
WatfordSTDR CongoBritt Assombalonga112
17%
Coventry CityRBEnglandBrooke Norton-Cuffy21
17%
Rotherham UnitedRBEnglandBrooke Norton-Cuffy20
17%
Wigan AthleticRWEnglandCallum Lang351
17%
Swansea CityCMWalesCameron Congreve10
17%
Luton TownSTGrenadaCameron Jerome21
17%
Luton TownSTEnglandCauley Woodrow272
17%
ReadingCMItalyCesare Casadei151
17%
Huddersfield TownLBEquatorial GuineaCharles Ondo2
17%
BlackpoolCBEnglandCharlie Goode2
17%
Wigan AthleticCBEnglandCharlie Hughes201
17%
Wigan AthleticSTEnglandCharlie Wyke182
17%
Wigan AthleticAMEnglandChris Sze1
17%
Wigan AthleticDMIvory CoastChrist Tiehi19
17%
Huddersfield TownRWEnglandConnor Mahoney9
17%
ReadingGKAustraliaDean Bouzanis5
17%
Hull CityAMGreeceDimitrios Pelkas262
17%
Hull CityLWTurkeyDogukan Sinik12
17%
SunderlandCMFranceEdouard Michut241
17%
Queens Park RangersCMEnglandElijah Dixon-Bonner1
17%
SunderlandAMEnglandElliot Embleton232
17%
WatfordSTNigeriaEmmanuel Dennis2
17%
Stoke CitySTEnglandEmre Tezgel3
17%
Preston North EndSTEnglandFinlay Cross-Adair4
17%
WatfordCBChileFrancisco Sierralta181
17%
Hull CityCMScotlandGreg Docherty351
17%
Wigan AthleticRWWalesGwion Edwards2
17%
Luton TownGKEnglandHarry Isted1
17%
Hull CityAMIrelandHarry Vaughan5
17%
Hull CityAMEnglandHarvey Vale2
17%
Blackburn RoversCBEnglandHayden Carter301
17%
Luton TownCMEnglandHenri Lansbury101
17%
WatfordSTPortugalHenrique Araujo8
17%
BlackpoolRWEnglandIan Poveda242
17%
Sheffield UnitedCMMaliIsmaila Coulibaly1
17%
SunderlandLWEnglandJack Diamond1
17%
WatfordSTEnglandJack Grieves2
17%
ReadingDMBelgiumJack Senga-Ngoyi1
17%
Cardiff CityCBEnglandJack Simpson19
17%
Blackburn RoversSTWalesJack Vale15
17%
Huddersfield TownLBEnglandJaheim Headley111
17%
Coventry CityLBEnglandJake Bidwell451
17%
Blackburn RoversDMEnglandJake Garrett8
17%
WatfordRBPortugalJoao Ferreira51
17%
SunderlandSTEnglandJoel Gelhardt183
17%
Birmingham CityRWEnglandJonathan Leko8
17%
BlackpoolCBEnglandJordan Thorniley301
17%
BlackpoolRWEnglandJosh Bowler254
17%
MiddlesbroughSTEnglandJosh Coburn1
17%
Preston North EndCMEnglandJosh Onomah13
17%
Coventry CityLBEnglandJosh Wilson-Esbrand14
17%
Hull CityGKEnglandKarl Darlow12
17%
ReadingRBGhanaKelvin Abrefa8
17%
Rotherham UnitedLBNorwayLeo Hjelde13
17%
Hull CityRBEnglandLewie Coyle41
17%
BlackpoolCMScotlandLewis Fiorini131
17%
Swansea CityCMEnglandLiam Walsh7
17%
Luton TownAMEnglandLuke Freeman262
17%
Huddersfield TownCBEnglandLuke Mbete6
17%
MiddlesbroughLBEnglandMarc Bola25
17%
Norwich CityRWBrazilMarquinhos111
17%
Huddersfield TownRBEnglandMatthew Lowton8
17%
Swansea CityLBEnglandMatthew Sorinola292
17%
WatfordCBEnglandMattie Pollock3
17%
Hull CityGKEnglandMatt Ingram22
17%
Cardiff CitySTEnglandMax Watters11
17%
Coventry CityCBScotlandMichael Rose24
17%
SunderlandRBWalesNial Huggins1
17%
Huddersfield TownGKAustraliaNicholas Bilokapic6
17%
Cardiff CityLBFranceNiels Nkounkou18
17%
Sheffield UnitedCMEnglandOllie Arblaster4
17%
ReadingLMEnglandOvie Ejaria8
17%
Wigan AthleticCBEnglandRarmani Edmonds-Green4
17%
Huddersfield TownCBEnglandRarmani Edmonds-Green11
17%
MillwallAMEnglandRomain Esse12
17%
Birmingham CityDMWalesRyan Stirk1
17%
ReadingDMEnglandSam Hutchinson11
17%
Wigan AthleticGKEnglandSam Tickle1
17%
Rotherham UnitedCBEnglandSean Morrison2
17%
MillwallCBEnglandShaun Hutchinson28
17%
Wigan AthleticSTEnglandStephen Humphrys2
17%
Blackburn RoversLBEnglandTayo Edun8
17%
Hull CityCBPortugalTobias Figueiredo22
17%
Coventry CityRBEnglandTodd Kane9
17%
Rotherham UnitedLBEnglandTolaji Bola2
17%
Rotherham UnitedSTEnglandTom Eaves20
17%
Wigan AthleticDMEnglandTom Naylor362
17%
SunderlandLWEnglandTom Watson1
17%
Norwich CityRWIrelandTony Springett1
17%
Huddersfield TownSTEnglandTyreece Simpson9
17%
Hull CityRWUnited StatesVaughn Covil6
17%
Hull CitySTEnglandWill Jarvis2
17%
Hull CityDMEnglandXavier Simons12
17%
Wigan AthleticCMEnglandAbdi Sharif1
0%
MillwallLWIrelandAidomo Emakhu1
0%
SunderlandCBEnglandAji Alese201
0%
BlackpoolLBEnglandAlex Lankshear1
0%
Wigan AthleticLWIrelandAnthony Scully5
0%
Blackburn RoversCBEnglandClinton Mola4
0%
Luton TownRBEnglandCody Drameh16
0%
Rotherham UnitedLBEnglandCohen Bramall391
0%
Cardiff CitySTEnglandConnor Wickham121
0%
Rotherham UnitedDMIrelandConor Coventry16
0%
Blackburn RoversRWEnglandDilan Markanday1
0%
Bristol CityDMEnglandDylan Kadji2
0%
Luton TownCMWalesElliot Thorpe3
0%
ReadingRWEnglandFemi Azeez20
0%
Blackburn RoversSTEnglandGeorge Hirst9
0%
Wigan AthleticDMScotlandGraeme Shinnie19
0%
SunderlandRWFranceIsaac Lihadji6
0%
MillwallSTEnglandIsaac Olaofe2
0%
Coventry CityRMScotlandJack Burroughs12
0%
BlackpoolSTEnglandJake Beesley5
0%
Luton TownRBEnglandJames Bree27
0%
Rotherham UnitedCBScotlandJamie McCart7
0%
Wigan AthleticCBScotlandJason Kerr16
0%
SunderlandCMEnglandJay Matete8
0%
Sheffield UnitedLBEnglandJili Buyabu1
0%
SunderlandCBEnglandJoe Anderson4
0%
Rotherham UnitedCMEnglandJoel Holvey1
0%
Coventry CityCBEnglandJonathan Panzo291
0%
Sheffield UnitedGKGhanaJordan Amissah1
0%
Wigan AthleticCMJamaicaJordan Cousins10
0%
BlackpoolRBEnglandJordan Lawrence-Gabriel20
0%
Rotherham UnitedGKEnglandJosh Vickers3
0%
West Bromwich AlbionSTEnglandJovan Malcolm1
0%
ReadingSTEnglandKelvin Ehibhatiomhan81
0%
BlackpoolLWEnglandKeshi Anderson9
0%
Cardiff CitySTEnglandKion Etete283
0%
Rotherham UnitedRBEnglandLee Peltier341
0%
Preston North EndCMEnglandLewis Leigh1
0%
BlackpoolDMScotlandLiam Bridcutt4
0%
Luton TownCMIrelandLouie Watson5
0%
Hull CityRWEnglandMalcolm Ebiowei12
0%
Hull CityRWEnglandMallik Wilks1
0%
West Bromwich AlbionRMEnglandMarc Albrighton17
0%
Huddersfield TownSTEnglandMartyn Waghorn131
0%
Coventry CitySTEnglandMartyn Waghorn111
0%
BlackpoolCMEnglandMatty Virtue3
0%
WatfordSTEnglandMichael Adu-Poku1
0%
ReadingDMScotlandMichael Craig2
0%
Wigan AthleticCMEnglandMiguel Azeez2
0%
ReadingCBEnglandNelson Abbey3
0%
Preston North EndCMEnglandNoah Mawene1
0%
Rotherham UnitedRBIrelandPeter Kioso10
0%
MiddlesbroughLWEnglandPharrell Willis1
0%
West Bromwich AlbionSTEnglandReyes Cleary2
0%
Rotherham UnitedGKScotlandRobbie Hemfrey1
0%
BlackpoolRWScotlandRobert Apter1
0%
Cardiff CityGKEnglandRohan Luthra1
0%
Coventry CityCMWalesRyan Howley4
0%
Sheffield UnitedRBEnglandSai Sachdev1
0%
Coventry CitySTIrelandSean Maguire7
0%
Preston North EndSTIrelandSean Maguire10
0%
MiddlesbroughSTEnglandSonny Finch3
0%
WatfordSTEnglandTobi Adeyemo41
0%
Wigan AthleticLBEnglandTom Pearce13
0%
Cardiff CityRBEnglandTom Sang9
0%
Stoke CityRBWalesTom Sparrow2
0%
Rotherham UnitedLBEnglandTyler Blackett6
0%
MillwallSTEnglandTyler Burey241
0%
Coventry CitySTEnglandTyler Walker181
0%
ReadingCMEnglandTyrese Fornah352
0%
Wigan AthleticSTEnglandYoussef Chentouf1
0%

Score Distribution

Percentile by Number Answered

Percent of People with Each Score

Your Score History

You have not taken this quiz